|
|
|
|
| LEADER |
00000naa a2200000uu 4500 |
| 001 |
vtls010936170 |
| 003 |
SK-MaSNL |
| 005 |
20260302115827.0 |
| 008 |
210902|2005 xo |||||||||||||||||eng| |
| 015 |
|
|
|a SNBRA
|
| 035 |
|
|
|a (urnnbn)urn:nbn:sk:snk:ar-a0b7x2
|
| 035 |
|
|
|a (uuid)61e0fd50-40ca-46ad-b364-beb59c778953
|
| 035 |
|
|
|a urn:nbn:sk:snk-aau0a6
|
| 040 |
|
|
|a SNKBUCL
|b slo
|c SNKBUCL
|e AACR2
|
| 041 |
0 |
|
|a eng
|
| 044 |
|
|
|a xo
|c SK
|
| 100 |
1 |
|
|a Varcholová, Judita
|4 aut
|9 28731
|
| 245 |
1 |
0 |
|a Structuring of Informal Education Services (an Alternative Model)
|c Judita Varcholová
|
| 773 |
0 |
|
|t Region - Build
|d Bratislava : The Union of Towns and Cities of Slovakia, 2005
|g S. 96-102
|z 809693452X
|
| 958 |
|
|
|a OND
|
| 958 |
|
|
|a article11
|
| 958 |
|
|
|a chapter
|
| 999 |
|
|
|c 1266621
|d 1268551
|